Criminal Minds Characters - Statistics

General Stats
  • This quiz has been taken 739 times
  • The average score is 11 of 15
Answer Stats
Hint Character % Correct
Reads 20,00 wpm and has 3 Phd's. Spencer Reid
98%
His wife was killed by a serial killer. Aaron Hotchner
97%
Techie who loves trinkets and cats. Penelope Garcia
97%
Man who loves kicking down doors. Derek Morgan
95%
Aaron Hotchner's son. Jack Hotchner
92%
Left to work for the Pentagon for a little. JJ
88%
Parent of the whole BAU David Rossi
84%
Lauren Reynolds. Emily Prentiss
84%
Retired due to emotional issues. Jason Gideon
83%
Left after season 2, resigned due to PTSD. Elle Greenaway
63%
Macho man who asks Garcia out in the last episode of season 15. Luke Alvez
54%
Serial killer who made himself one of his victims. George Foyet
49%
Detective who fell in love with JJ on a case. William LaMontagne Jr.
31%
Serial killer who was part of a network of hitmen. Cat Adams
23%
Derek Morgan's wife and mother of his child Savannah Hayes
19%
No matching quizzes found
Score Distribution
Percent of People with Each Score
Percentile by Number Answered
Your Score History
You have not taken this quiz